|
|
|
|
| LEADER |
00000cam a2200000 7i4500 |
| 001 |
0000025428 |
| 005 |
20140602.0 |
| 008 |
300514 xxu eng |
| 020 |
|
|
|a 9780080971322 ,
|c RM207.70
|
| 040 |
|
|
|a INS
|
| 090 |
0 |
0 |
|a TH439
|b S26 2013
|
| 100 |
1 |
|
|a Santo, Philip
|
| 245 |
1 |
0 |
|a Inspections and reports on dwellings :
|b assessing age
|c Philip Santo
|
| 250 |
|
|
|a 2nd. ed.
|
| 260 |
|
|
|a New York :
|b Routledge ,
|c 2013
|
| 300 |
|
|
|a viii,274p :
|b ill ;
|c 25cm.
|
| 500 |
|
|
|a Includes bibliography and indexs
|
| 650 |
|
0 |
|a Buildings inspection
|
| 650 |
|
0 |
|a Dwellings
|x Design and construction
|
| 999 |
|
|
|a 1000001688
|b BOOK
|c Open Shelf
|e Default branch
|